000 00426cam a2200145 4500500
005 20251012032549.0
041 _afre
042 _adc
100 1 0 _aRojtman, Betty
_eauthor
245 0 0 _aÀ l’ombre de Sa lumière
260 _c2005.
500 _a20
786 0 _nSigila | 16 | 2 | 2005-12-20 | p. 107-116 | 1286-1715
856 4 1 _uhttps://shs.cairn.info/revue-sigila-2005-2-page-107?lang=fr&redirect-ssocas=7080
999 _c1547646
_d1547646